Score 0/44 Timer 05:00
1 Play Today
Hint 4-Letter Word % Correct
British 'elevator'•LIFT•
92.4%
It's approximately 1.6 kilometersMILE
88%
British 'car trunk'•BOOT•
87%
A cow's drinkable byproductMILK
86.9%
Not long from nowSOON
86.4%
Rolling Stones's JaggerMICK
86.3%
'Eat my shorts' and 'Aye caramba' catchphrase uttererBART
85.7%
British 'apartment'•FLAT•
85.5%
Nasal buildupSNOT
84.9%
Shakespeare's titleBARD
84.8%
Robber's proceedsLOOT
84.3%
Residue on Santa' suit, perhapsSOOT
83.4%
To toss with an arcLOFT
81.5%
Pub 'missile'DART
81.4%
'High' time in the Old WestNOON
80.8%
Afterlife for sinners in ChristianityHELL
80%
Corridor connecting multiple roomsHALL
78.4%
British 'to steal'•NICK•
78.2%
Provide nourishmentFEED
76.7%
Rudimentary watercraftRAFT
76.3%
British 'silly or foolish'•DAFT•
76.3%
British 'kiss'•SNOG•
75.7%
Hint 4-Letter Word % Correct
Facebook-owned Virtual Reality: Oculus ___RIFT
75%
Disney's cartoon dog voiced by TravoltaBOLT
73.6%
Allotted place in a scheduleSLOT
73.3%
Thin wooden boardSLAT
72.8%
Medically cure one from an injury or diseaseHEAL
72%
Spy under deep coverMOLE
70.5%
British 'young woman'•BIRD•
69.2%
Existing as factREAL
68.5%
To defend one's self from blowsFEND
67.7%
British 'welfare'•DOLE•
67.4%
An alcoveNOOK
67.2%
Visually interpret languageREAD
67.1%
IdiotDOLT
66.4%
A difficult travelSLOG
64.8%
Set an arrowNOCK
64.4%
Tear violentlyREND
62.6%
Beat a hasty retreatFLED
58.4%
LinseedFLAX
57%
British 'ballpoint pen'•BIRO•
56.6%
Bold behaviorGALL
54.1%
British 'electrical cord'•FLEX•
51.3%
Old name for British 'jail'•GAOL•
42.7%

Today's Daily Dose

Remove Ads.
Support Sporcle.
Get the best of Sporcle when you Go Orange. This ad-free experience offers more features, more stats, and more fun while also helping to support Sporcle. Thank you for becoming a member.

You're not logged in!

Compare scores with friends on all Sporcle quizzes.
OR
Log In

Show Comments

Extras

Top Quizzes Today


Score Distribution

Your Account Isn't Verified!

In order to create a playlist on Sporcle, you need to verify the email address you used during registration. Go to your Sporcle Settings to finish the process.

Report this User

Report this user for behavior that violates our Community Guidelines.

Details: